| 000 | 00818nam a2200277 c 4500 | ||
|---|---|---|---|
| 003 | BLK | ||
| 005 | 20180508112950.0 | ||
| 008 | 180409b bul|||||r ||||||| ||bul|| | ||
| 010 | _aKNG00140169000 | ||
| 020 |
_a0-7011-3400-3 _bиздат.: Chatto Windus |
||
| 040 | _aBLK | ||
| 041 |
_aENG _cENG |
||
| 080 |
_aАнглийска литература _b821.111 _x-32 _z821.111-32 |
||
| 100 | 1 |
_aForster, Margaret _eпърви автор _9324315 |
|
| 139 |
_aForster, Margaret _bF 76 |
||
| 245 | 1 | 0 |
_aHave the Men Had Enough _bNovel _cMargaret Forster. |
| 257 | _aGBR | ||
| 260 |
_аLondon _bChatto Windus _c1989 |
||
| 300 |
_a251 p. _c24 cm |
||
| 380 | _aX | ||
| 852 | _aЦб 165584 | ||
| 856 | 4 |
_qpdf _u |
|
| 856 | 4 |
_qpdf _u |
|
| 942 |
_cKNG _n0 _01 |
||
| 944 |
_aCR _c28.02.2013 _kГеновева_Генчева |
||
| 944 |
_aED _c28.02.2013 _k |
||
| 999 |
_c134262 _d134262 |
||